000 00918nam a22002177a 4500
003 OSt
005 20260313021148.0
008 260313b |||||||| |||| 00| 0 eng d
020 _a0-553-21316-4
040 _aDWCL GS lib
_cOC
082 _aM767a 1998
100 _aMONTGOMERY, L.M.
245 _aAnne of windy poplars
_cL.M. MONTGOMERY
260 _aNew York
_bBantam Books
_c1998
300 _a258 p
_c17 cm
520 _afollows Anne Shirley during a three-year engagement separation from Gilbert Blythe as she works as the principal of Summerside High School.
650 _a Summerside High School while her fiancé, Gilbert Blythe, completes medical schoo
650 _a maintaining optimism and kindness in the face of adversity, the power of transforming one's environment through imagination, and the importance of empathy in connecting with others.
700 _aL.M. MONTGOMERY
942 _2ddc
_cFIC.
_n0
999 _c9091
_d9091